May day : (Record no. 7409)
[ view plain ]
| 000 -LEADER | |
|---|---|
| fixed length control field | 00821nam a2200289Ii 4500 |
| 001 - CONTROL NUMBER | |
| JCCL Control Number | 7409 |
| 003 - CONTROL NUMBER IDENTIFIER | |
| JCCL marc code | BD - Jhcc |
| 005 - DATE AND TIME OF LATEST TRANSACTION | |
| control field | 20180212110702.0 |
| 008 - FIXED-LENGTH DATA ELEMENTS--GENERAL INFORMATION | |
| fixed length control field | 800905s1980 inu 000 0 eng d |
| 020 ## - INTERNATIONAL STANDARD BOOK NUMBER | |
| International Standard Book Number | 0936484004 |
| 020 ## - INTERNATIONAL STANDARD BOOK NUMBER | |
| International Standard Book Number | 0060155655 |
| 035 ## - SYSTEM CONTROL NUMBER | |
| system control number | MITb10181976 |
| 035 ## - SYSTEM CONTROL NUMBER | |
| system control number | (BD - Jhcc)7409 |
| 035 ## - SYSTEM CONTROL NUMBER | |
| system control number | GLIS00181976 |
| 040 ## - CATALOGING SOURCE | |
| Original cataloging agency | WAU |
| Transcribing agency | WAU |
| Modifying agency | m.c. |
| -- | MYG |
| -- | BD - Jhcc |
| 041 ## - LANGUAGE CODE | |
| Language code of Book | eng |
| 090 ## - LOCALLY ASSIGNED LC-TYPE CALL NUMBER (OCLC); LOCAL CALL NUMBER (OCLC) | |
| Classification number (OCLC) (R) ; Classification number, CALL (RLIN) (NR) | PS3569.C967 |
| Local cutter number (OCLC) ; Book number/undivided call number, CALL (RLIN) | M3 |
| 099 ## - LOCAL FREE-TEXT CALL NUMBER | |
| Classification number | PS3569.C967.M3 |
| 100 1# - MAIN ENTRY--PERSONAL NAME | |
| Personal name | Beschloss, Michael R |
| 245 10 - TITLE STATEMENT | |
| Title | May day : |
| Remainder of title | Eisenhower, Khrushchev and the U-2 affair / |
| Statement of responsibility, etc | Michael R Beschloss |
| 260 ## - PUBLICATION, DISTRIBUTION, ETC. (IMPRINT) | |
| Place of publication, distribution, etc | Bloomington, Ind. : |
| Name of publisher, distributor, etc | Minnesota Review Press, |
| Date of publication, distribution, etc | 1980. |
| 300 ## - PHYSICAL DESCRIPTION | |
| Pagination | 69 p. ; |
| Dimensions | 22 cm. |
| 600 ## - SUBJECT ADDED ENTRY--PERSONAL NAME | |
| Personal name | Eisenhower, Dwight |
| 650 ## - SUBJECT ADDED ENTRY--TOPICAL TERM | |
| Topical term or geographic name as entry element | U-2 Incident |
| 942 ## - ADDED ENTRY ELEMENTS (KOHA) | |
| Source of classification or shelving scheme | Dewey Decimal Classification |
| Koha item type | Books |
| Source of classification or shelving scheme | Damaged status | Not for loan | Home library | Current library | Shelving location | Total Checkouts | Full call number | Barcode | Date last seen | Copy number | Koha item type |
|---|---|---|---|---|---|---|---|---|---|---|---|
| Dewey Decimal Classification | JCC Rouf Library | JCC Rouf Library | General Stacks | 973.921 BES 1986 | 10051 | 02/08/2018 | C - 1 | Books |